000 01383nam a2200349 c 4500
999 _c184106
_d184106
003 BLK
005 20191018125059.0
008 180411b bul|||||r ||||||| ||bul||
010 _aKNG00193058000
040 _aBLK
041 _aFRE
_cFRE
072 7 _2bullib
_aА
_xФонд Михаил Арнаудов
080 _aУниверситети
_b378.4
_x(497.223)(091)
_z378.4(497.223)(091)
100 1 _aArnaudov, Mihail Petrov
_eпърви автор
_9307370
139 _aArnaudov, Mihail Petrov
_bA 76
245 1 0 _aUniversite Saint-Clement D'Ochrida a Sofia
_bA l'occasion du cinquantieme anniversaire de sa fondation : 1888-1938
_cMihail Petrov Arnaudov.
257 _aBGR
260 _c1939
_fSofia : Impr. du l'Univ
300 _a16 с.
_bс ил.
_c23 см
380 _a3
490 _aЧастна колекция - Академик Михаил Арнаудов
_vДарение- основен фонд
500 _aКор. Le cinquantenaire de l'Universitete de Sofia. - Екз. с мека подв.
650 4 _aСофийски университет "Св. Климент Охридски" - история
_9304810
653 _aСофийски университет Св. Климент Охридски
653 _aвисши училища
653 _aистория
659 _aА
852 _aМА 661
_bМА
856 4 _qpdf
856 4 _qpdf
942 _cKNG
_n0
_s1
944 _aCR
_c14.10.2016
_kГеновева_Генчева
944 _aED
_c14.10.2016
_kГеновева_Генчева
999 _d184106
999 _d184106
999 _d184106